| 000 | 00760nam a22002297a 4500 | ||
|---|---|---|---|
| 005 | 20251108172749.0 | ||
| 008 | 250721s2002 xx 000 0 ara d | ||
| 082 | 1 | 4 | _a956.411/قضي |
| 100 | 1 |
_aأبو جابر، إبراهيم _eمؤلف |
|
| 245 | 1 | 0 | _aقضية القدس ومستقبلها في القرن الحادي والعشرين / |
| 250 | _a3 | ||
| 264 | 1 |
_aعمان : _bمركز دراسات الشرق الأوسط، _c2002. |
|
| 300 | _a180ص | ||
| 490 | 0 | _a(دراسات ؛ 24) | |
| 650 | 1 | 7 | _aتاريخ فلسطين |
| 650 | 1 | 7 | _aالقدس |
| 650 | 1 | 7 | _aالنزاع العربي الإسرائيلي |
| 650 | 1 | 7 | _aالقانون الدولي |
| 700 | 1 |
_aالحمد، جواد _eمؤلف |
|
| 942 |
_2ddc _cBK |
||
| 999 |
_c87917 _d87917 |
||